Modern banking / (Record no. 23130)

MARC details
000 -LEADER
fixed length control field 00806nam a22002295a 4500
005 - DATE AND TIME OF LATEST TRANSACTION
control field 20081202064115.0
008 - FIXED-LENGTH DATA ELEMENTS--GENERAL INFORMATION
fixed length control field 081025s2008 ii b 001 0 eng
010 ## - LCCN (DPL NO)
LC control number ENG-92891
020 ## - INTERNATIONAL STANDARD BOOK NUMBER
Terms of availability 90.00
International Standard Book Number 8190735797
035 ## - SYSTEM CONTROL NUMBER
System control number EN-76424
037 ## - SOURCE OF ACQUISITION
Source of stock number/acquisition DBAD / PUB
040 ## - CATALOGING SOURCE
Original cataloging agency dpl
Language of cataloging English
082 ## - DEWEY DECIMAL CLASSIFICATION NUMBER
Classification number 332.1
100 ## - MAIN ENTRY--PERSONAL NAME
Personal name Kalaivani, V.
245 ## - TITLE STATEMENT
Title Modern banking /
Statement of responsibility, etc by V.Kalaivani
260 ## - PUBLICATION, DISTRIBUTION, ETC. (IMPRINT)
Place of publication, distribution, etc Thiruvarur
Name of publisher, distributor, etc Pragatheeshwaran Publication
Date of publication, distribution, etc 2007
270 ## - ADDRESS
Address 116-A. Kappaludaiya, Koradacheri
City Thiruvarur
300 ## - PHYSICAL DESCRIPTION
Extent 202p.
Dimensions 22cm (pbk)
650 ## - SUBJECT ADDED ENTRY--TOPICAL TERM
Topical term or geographic name as entry element Banks and banking.
942 ## - ADDED ENTRY ELEMENTS (KOHA)
Source of classification or shelving scheme Dewey Decimal Classification
Item type English Books
Call number suffix KAL
Classification part 332.1
Holdings
Withdrawn status Lost status Source of classification or shelving scheme Damaged status Not for loan Collection code Home library Current library Date acquired Source of acquisition Cost, normal purchase price Total Checkouts Full call number Barcode Date last seen Copy number Cost, replacement price Koha item type
    Dewey Decimal Classification   Not For Loan Non-fiction D.B.Act.Division D.B.Act.Division 06/02/2009 DBAD / PUB 90.00   332.1 KAL EN-76424 06/02/2009 1 90.00 English Books

© Delhi Public Library
Hit Counter
free hit counter